000 00263nam a22001217a 4500
008 170713b xxu||||| |||| 00| 0 eng d
041 _aeng
080 _23RD
_a038
100 _a23
101 _aFJA
245 _aINTERNATIONAL THESAURUS
_cROGET
942 _2udc
_cBK
999 _c20448
_d20448